<?xml version="1.0" encoding="UTF-8"?>
<collection xmlns="http://www.loc.gov/MARC21/slim">
 <record>
  <leader>00689nam a22002055a 4500</leader>
  <controlfield tag="001">EHU.bham051126</controlfield>
  <controlfield tag="008">221031s2015####ag############000#0#spa#d</controlfield>
  <controlfield tag="005">20221031075218.0</controlfield>
  <datafield tag="245" ind1="0" ind2="0">
   <subfield code="a">Antiguos cuentos de brujas /</subfield>
   <subfield code="c">recopilación y versiones de Jorge Accame ; ilustraciones de Fernando Falcone.</subfield>
  </datafield>
  <datafield tag="260" ind1=" " ind2=" ">
   <subfield code="a">CABA :</subfield>
   <subfield code="b">Edhasa,</subfield>
   <subfield code="c">2015.</subfield>
  </datafield>
  <datafield tag="300" ind1=" " ind2=" ">
   <subfield code="a">120 p.</subfield>
  </datafield>
  <datafield tag="020" ind1=" " ind2=" ">
   <subfield code="a">9789876283663</subfield>
  </datafield>
  <datafield tag="100" ind1="1" ind2=" ">
   <subfield code="a">Accame, Jorge.</subfield>
  </datafield>
  <datafield tag="700" ind1="1" ind2=" ">
   <subfield code="a">Falcone, Fernando, ilust.</subfield>
  </datafield>
  <datafield tag="082" ind1="9" ind2="8">
   <subfield code="a">A868.5 Ac169</subfield>
  </datafield>
  <datafield tag="653" ind1=" " ind2=" ">
   <subfield code="a">Literatura argentina-2000-</subfield>
  </datafield>
  <datafield tag="653" ind1=" " ind2=" ">
   <subfield code="a">Miscelánea argentina-2000-</subfield>
  </datafield>
  <datafield tag="653" ind1=" " ind2=" ">
   <subfield code="a">Brujas-cuentos de</subfield>
  </datafield>
  <datafield tag="653" ind1=" " ind2=" ">
   <subfield code="a">Textos-adaptaciones de</subfield>
  </datafield>
  <datafield tag="859" ind1=" " ind2=" ">
   <subfield code="a">AR-BHAM</subfield>
   <subfield code="b">BIB. HUMANIDADES - General</subfield>
   <subfield code="h">A868.5</subfield>
   <subfield code="i">Ac169</subfield>
   <subfield code="p">529.22</subfield>
  </datafield>
 </record>
</collection>
